Statistics for Top 15 Countries with Covid-19 Deaths - 20 April 2022

Click here to take the quiz!

General Stats

  • This quiz has been taken 15 times
  • The average score is 18 of 27

Answer Stats

country% Correct
Brazil
100%
France
100%
Italy
100%
Mexico
100%
Russia
100%
United Kingdom
100%
United States
100%
Germany
93%
Poland
86%
Argentina
79%
India
79%
Peru
79%
Colombia
64%
Iran
64%
Hungary
57%
Indonesia
50%
North Macedonia
50%
Romania
50%
Slovakia
50%
Slovenia
50%
Croatia
43%
Czechia
43%
Latvia
43%
Lithuania
43%
Bosnia and
Herzegovina
36%
Bulgaria
36%
Georgia
29%

Score Distribution

Percentile by Number Answered

Percent of People with Each Score

Your Score History

You have not taken this quiz